000 00559nam a2200169 a 4500
005 20140412111251.0
008 000818s19uu xx 00 eng d
020 _a0-14-054619-7
050 _aTR(PS E
_bCl62 1997
100 _aMarzollo, Jean
245 _aClose your eyes /
_cby Jean Marzollo ; pictures by Susan Jeffers.
260 _aNew York :
_bPuffin Books,
_c1997.
300 _a1 v. (unp.) ; ill.
520 _aA lullaby interpersed with illustrations of father's effort to put his reluctant child to bed.
650 _aLullabies
999 _c103162
_d103162